| 000 | 00836nam a22002417a 4500 | ||
|---|---|---|---|
| 003 | OSt | ||
| 005 | 20251127120157.0 | ||
| 008 | 251127b |||||||| |||| 00| 0 eng d | ||
| 020 | _a978-0-85702-497-8 | ||
| 040 |
_aDWC-Main lib. _cOC |
||
| 082 |
_2second edition. _aCirc. 361.06071 J66p 2012 |
||
| 100 | _aJohns, Hazel | ||
| 245 |
_aPersonal development in counsellor training/ _cHazel Johns |
||
| 260 |
_aLondon : _bSAGE Publications, _cc2012. |
||
| 300 |
_ax, 198 pages ; _c25 cm. -- (Counsellor trainer and supervisor series) |
||
| 504 | _aIncludes bibliographical references. | ||
| 650 | _a1. Counselors--Training of. | ||
| 650 | _a2. Maturation (Psychology). | ||
| 650 | _a3. Self-knowledge, Theory of. | ||
| 650 | _a4. Self-culture. | ||
| 760 | _bsecond edition. | ||
| 942 |
_2ddc _cBK-CIRC _esecond edition. _kCirc. _n0 |
||
| 999 |
_c6459 _d6459 |
||